<?xml version="1.0" encoding="UTF-8"?>
<resp>
  <nextPage>https://data.bn.org.pl/api/networks/bibs.marcxml?marc=001+b1000000551655&amp;sinceId=1000000551656</nextPage>
  <collection>
    <record xmlns='http://www.loc.gov/MARC21/slim'><leader>01971nkm a2200529 i 4500</leader><controlfield tag='001'>b1000000551655</controlfield><controlfield tag='005'>20251216080730.6</controlfield><controlfield tag='007'>kj#ao##</controlfield><controlfield tag='008'>200403s1847    pl nnn            anpol c</controlfield><controlfield tag='009'>9911462109405606</controlfield><datafield ind1=' ' ind2=' ' tag='035'><subfield code='a'>(PL)b1000000551655</subfield></datafield><datafield ind1=' ' ind2=' ' tag='040'><subfield code='a'>WA N</subfield><subfield code='c'>WA N</subfield><subfield code='d'>WA</subfield><subfield code='d'>WA N</subfield></datafield><datafield ind1=' ' ind2=' ' tag='046'><subfield code='k'>1847~</subfield><subfield code='2'>edtf</subfield></datafield><datafield ind1='0' ind2='0' tag='245'><subfield code='a'>[Anons firmowy] :</subfield><subfield code='b'>[incipit:] Fr Spiess i Komp. w Warszawie przy ulicy Senatorskiej no 460 polecają swoją nowo-założoną księgarnię i skład nut muzycznych [...].</subfield></datafield><datafield ind1='3' ind2='0' tag='260'><subfield code='a'>Fr Spiess i Komp. w Warszawie przy ulicy Senatorskiej no 460 polecają swoją nowo-założoną księgarnię i skład nut muzycznych</subfield></datafield><datafield ind1=' ' ind2=' ' tag='260'><subfield code='a'>[Warszawa] :</subfield><subfield code='b'>w Lit. F. Szustera,</subfield><subfield code='c'>[przed 1847].</subfield></datafield><datafield ind1=' ' ind2=' ' tag='300'><subfield code='a'>1 grafika :</subfield><subfield code='b'>litografia ;</subfield><subfield code='c'>8,2x12 cm.</subfield></datafield><datafield ind1=' ' ind2=' ' tag='336'><subfield code='a'>Obraz</subfield><subfield code='b'>sti</subfield><subfield code='2'>rdacontent</subfield></datafield><datafield ind1=' ' ind2=' ' tag='337'><subfield code='a'>Bez urządzenia pośredniczącego</subfield><subfield code='b'>n</subfield><subfield code='2'>rdamedia</subfield></datafield><datafield ind1=' ' ind2=' ' tag='338'><subfield code='a'>Arkusz</subfield><subfield code='b'>nb</subfield><subfield code='2'>rdacarrier</subfield></datafield><datafield ind1=' ' ind2=' ' tag='380'><subfield code='a'>Grafiki</subfield></datafield><datafield ind1=' ' ind2=' ' tag='386'><subfield code='m'>Przynależność kulturowa</subfield><subfield code='a'>Grafika polska</subfield></datafield><datafield ind1='1' ind2=' ' tag='388'><subfield code='a'>1801-1900</subfield></datafield><datafield ind1='2' ind2='7' tag='610'><subfield code='a'>Franciszek Spiess i Spółka</subfield><subfield code='2'>DBN</subfield></datafield><datafield ind1=' ' ind2='7' tag='648'><subfield code='a'>1801-1900</subfield><subfield code='2'>DBN</subfield></datafield><datafield ind1=' ' ind2='7' tag='650'><subfield code='a'>Księgarnie</subfield><subfield code='2'>DBN</subfield></datafield><datafield ind1=' ' ind2='7' tag='650'><subfield code='a'>Ulica Senatorska (Warszawa)</subfield><subfield code='2'>DBN</subfield></datafield><datafield ind1=' ' ind2='7' tag='651'><subfield code='a'>Polska</subfield><subfield code='2'>DBN</subfield></datafield><datafield ind1=' ' ind2='7' tag='651'><subfield code='a'>Warszawa (woj. mazowieckie)</subfield><subfield code='2'>DBN</subfield></datafield><datafield ind1=' ' ind2='7' tag='655'><subfield code='a'>Litografia</subfield><subfield code='2'>DBN</subfield></datafield><datafield ind1=' ' ind2='7' tag='655'><subfield code='a'>Reklama</subfield><subfield code='2'>DBN</subfield></datafield><datafield ind1='2' ind2=' ' tag='710'><subfield code='a'>Zakład Litograficzny Franciszka Schustra (Warszawa)</subfield><subfield code='e'>Druk</subfield></datafield><datafield ind1=' ' ind2=' ' tag='852'><subfield code='8'>22631515000005066</subfield><subfield code='j'>1</subfield><subfield code='h'>G.13227/I</subfield><subfield code='b'>BN_PL</subfield><subfield code='p'>888a0639333</subfield><subfield code='c'>bikon</subfield></datafield><datafield ind1=' ' ind2=' ' tag='852'><subfield code='8'>22631514950005066</subfield><subfield code='j'>0</subfield><subfield code='h'>Neg.93033</subfield><subfield code='b'>BN_PL</subfield><subfield code='p'>888a0639350</subfield><subfield code='c'>bamf</subfield></datafield><datafield ind1=' ' ind2=' ' tag='852'><subfield code='b'>48OMNIS_NLOP</subfield><subfield code='8'>991052695886305066</subfield></datafield><datafield ind1=' ' ind2=' ' tag='852'><subfield code='b'>48OMNIS_NETWORK</subfield><subfield code='8'>9911462109405606</subfield></datafield></record>
  </collection>
</resp>
